[Event "Mistrzostwa Polski Juniorow do lat 18 - Chlopcy"]
[Site "Szklarska Poreba"]
[Date "1899-12-30"]
[Round "6.2"]
[White "Fus, Jakub"]
[Black "Pacan-milej, Kosma"]
[Result "1/2-1/2"]
[WhiteTitle "FM"]
[BlackTitle "FM"]
[WhiteElo "2357"]
[BlackElo "2333"]

1. d4 Nf6 2. c4 e6 3. Nf3 d5 4. Bg5 Bb4+ 5. Nbd2 h6 6. Bxf6 Qxf6 7. Qa4+ Nc6 8.
e3 O-O 9. Rc1 a6 10. a3 Bd6 11. Bd3 Bd7 12. Qc2 dxc4 13. Nxc4 e5 14. d5 Ne7 15.
Be4 Ng6 16. O-O Nh4 17. Rfe1 Rac8 18. Nxh4 Qxh4 19. Bf5 Rcd8 20. Bxd7 Rxd7 21.
Qb3 b5 22. Nxd6 cxd6 23. Rc6 f5 24. Rxa6 f4 25. exf4 Qxf4 26. Rf1 Qd4 27. Rc6
Rdf7 28. Rc2 e4 29. Re2 Rf5 30. Qe3 Rxd5 31. Qxe4 Qxe4 32. Rxe4 Rd2 33. Rb4 Rf5
34. b3 Ra2 35. a4 bxa4 36. Rxa4 Rb2 37. Rd4 Rxb3 38. Rxd6 Rb2 39. g3 Kf7 40. Kg2
h5 41. h4 Ra2 42. Rd3 Kf6 43. Rf3 Rxf3 44. Kxf3 Ra3+ 45. Kg2 Ra2 46. Rb1 g6 47.
Rb6+ Kf5 48. Rb5+ Kf6 49. Rg5 Rb2 50. Kf1 Ra2 51. Rb5 Rc2 52. Kg2 Ra2 53. Rd5
Rb2 54. Kf3 Ke6 55. Rd3 Kf5 56. Rd5+ Ke6 57. Ra5 Kf6 58. Rg5 Ra2 59. g4 Ra3+ 60.
Kg2 hxg4 61. Rxg4 Rb3 62. Ra4 Rc3 63. f3 Rc1 64. Kg3 Rg1+ 65. Kf4 Rh1 66. Ra6+
Kg7 67. Kg3 Rg1+ 68. Kh2 Rb1 69. Ra5 Kf6 70. h5 gxh5 71. Rxh5 Kg6 72. Ra5 Rb6
73. Kg3 Rc6 74. Kg4 Rb6 75. f4 Rc6 76. Rg5+ Kf6 77. Rh5 Kg6 78. f5+ Kg7 79. Kg5
Rc1 80. f6+ Kg8 81. Kg6 Rg1+ 82. Rg5 Rxg5+ 83. Kxg5 Kf7 84. Kf5 Kf8 85. Ke5 Kf7
86. Kf5 Kf8 87. Kg6 Kg8 88. f7+ Kf8 89. Kf6 1/2-1/2

[Event "Mistrzostwa Polski Juniorow do lat 18 - Chlopcy"]
[Site "Szklarska Poreba"]
[Date "1899-12-30"]
[Round "6.3"]
[White "Szpar, Milosz"]
[Black "Golecki, Jan"]
[Result "1-0"]
[WhiteTitle "FM"]
[BlackTitle "k"]
[WhiteElo "2305"]
[BlackElo "2172"]

1. c4 Nf6 2. Nf3 d6 3. g3 c6 4. Bg2 e5 5. O-O g6 6. Nc3 Bg7 7. d3 O-O 8. b4 h6
9. Rb1 Nh7 10. b5 Be6 11. bxc6 bxc6 12. Ba3 f5 13. Qb3 Rf7 14. Nd2 Bf8 15. Qa4
Rc7 16. Bb4 a5 17. Bxa5 Qc8 18. Rxb8 Rxb8 19. Bxc7 Qxc7 20. Bxc6 Ng5 21. h4 Nf7
22. Rb1 Rxb1+ 23. Ndxb1 f4 24. Bd5 Bd7 25. Qa8 fxg3 26. fxg3 Qb6+ 27. Kg2 e4 28.
Nxe4 Kg7 29. Qb7 1-0

[Event "Mistrzostwa Polski Juniorow do lat 18 - Chlopcy"]
[Site "Szklarska Poreba"]
[Date "1899-12-30"]
[Round "6.4"]
[White "Mis, Mieszko"]
[Black "Teclaf, Pawel"]
[Result "1/2-1/2"]
[WhiteTitle "FM"]
[BlackTitle "IM"]
[WhiteElo "2356"]
[BlackElo "2453"]

1. d4 e6 2. c4 b6 3. a3 Bb7 4. Nc3 Nf6 5. d5 Bd6 6. Nf3 O-O 7. g3 c6 8. Bg2 cxd5
9. cxd5 Nxd5 10. Nxd5 exd5 11. O-O Na6 12. Nd4 Be5 13. b4 Nc7 14. Bb2 Nb5 15.
Nxb5 Bxb2 16. Ra2 Be5 17. Bxd5 Bc6 18. Qd3 Qg5 19. Rd1 a5 20. Rc2 axb4 21. axb4
Ra4 22. Bxc6 dxc6 23. Rxc6 Rxb4 24. Rxb6 Bd4 25. Rd6 Bxf2+ 26. Kxf2 Rxb5 27. Rd5
Qf6+ 28. Qf3 Rxd5 29. Rxd5 Qe6 30. Rd2 Re8 31. Kg2 g6 32. Qf4 h5 33. Qf3 Qe5 34.
Qf4 Qb5 35. Qf3 Re5 36. Qd3 Qb7+ 37. Qf3 Qe7 38. Qf2 h4 39. Qf3 Rf5 40. Qg4 hxg3
41. hxg3 Qe3 42. Rd8+ Kh7 43. Qh4+ Rh5 44. Qc4 Qe7 45. Rd2 Qb7+ 46. e4 Re5 47.
Re2 Qe7 48. Rf2 Kg8 49. Re2 1/2-1/2

[Event "Mistrzostwa Polski Juniorow do lat 18 - Chlopcy"]
[Site "Szklarska Poreba"]
[Date "1899-12-30"]
[Round "6.5"]
[White "Psyk, Radoslaw"]
[Black "Kokoszczynski, Jan"]
[Result "1-0"]
[WhiteTitle "k++"]
[BlackTitle "FM"]
[WhiteElo "2343"]
[BlackElo "2314"]

1. e4 e5 2. Nf3 Nc6 3. Bb5 a6 4. Ba4 Nf6 5. O-O Be7 6. d3 b5 7. Bb3 d6 8. a3 O-O
9. Nc3 Na5 10. Ba2 c5 11. Nd5 Nxd5 12. Bxd5 Bb7 13. b4 Bxd5 14. exd5 Nb7 15. c3
Qc7 16. Bd2 Rfe8 17. a4 Bf6 18. axb5 axb5 19. Qb3 c4 20. dxc4 bxc4 21. Qc2 Qd7
22. Qe4 Rac8 23. Ra6 Qb5 24. Rfa1 g6 25. g4 Bg7 26. Be3 Rf8 27. Rb6 Qd7 28. g5
Rc7 29. Rc6 Rfc8 30. Raa6 Bf8 31. Rxc7 Rxc7 32. Rc6 Nd8 33. Rxc7 Qxc7 34. Nd2
h6 35. Qxc4 Qd7 36. Kg2 Be7 37. h4 h5 38. b5 f6 39. gxf6 Bxf6 40. Nf3 Nf7 41.
b6 Bd8 42. Nh2 Kg7 43. Qb4 Qb7 44. Qb5 Bxh4 45. Qc6 Nd8 46. Qxd6 Qf7 47. Qxe5+
Kg8 48. c4 1-0

[Event "Mistrzostwa Polski Juniorow do lat 18 - Chlopcy"]
[Site "Szklarska Poreba"]
[Date "1899-12-30"]
[Round "6.6"]
[White "Pniaczek, Marek"]
[Black "Nowak, Mikolaj"]
[Result "0-1"]
[WhiteTitle "CM"]
[BlackTitle "k"]
[WhiteElo "2109"]
[BlackElo "2296"]

1. e4 c6 2. Nc3 d5 3. Nf3 Nf6 4. e5 Ne4 5. Ne2 Qb6 6. d4 e6 7. Nfg1 f6 8. f3 Ng5
9. exf6 gxf6 10. f4 Ne4 11. Ng3 Bd7 12. Nxe4 dxe4 13. c3 Na6 14. Qh5+ Kd8 15.
Bc4 Bd6 16. Qf7 Be7 17. Ne2 Nb4 18. Kd1 Nd5 19. Qg7 Re8 20. Qxh7 f5 21. Bxd5 cxd5
22. b3 Bb5 23. Bd2 Kd7 24. Qh3 Rg8 25. g3 a5 26. Qg2 Rh8 27. h4 Rag8 28. Qf2 Rg4
29. Qe3 Qa6 30. Rh3 Rhg8 31. Be1 a4 32. b4 a3 33. Nc1 Bc4 34. Nb3 b6 35. Rb1 Bd3
36. Rc1 Qc4 37. Bf2 Bd6 38. Kd2 Qc7 39. Kd1 Bb5 40. Rh1 Qc4 41. Kd2 Rxf4 42. gxf4
Bxf4 43. Qxf4 Qe2# 0-1

[Event "Mistrzostwa Polski Juniorow do lat 18 - Chlopcy"]
[Site "Szklarska Poreba"]
[Date "1899-12-30"]
[Round "6.7"]
[White "Skowron, Mateusz"]
[Black "Galuszka, Tomasz"]
[Result "0-1"]
[WhiteTitle "I"]
[BlackTitle "k+"]
[WhiteElo "1729"]
[BlackElo "2221"]

1. e4 c5 2. Nc3 Nc6 3. f4 g6 4. Nf3 Bg7 5. Bb5 Nd4 6. Bd3 d6 7. Nxd4 cxd4 8. Ne2
a6 9. c3 dxc3 10. bxc3 d5 11. O-O dxe4 12. Bxe4 Nf6 13. Bf3 O-O 14. d4 Rb8 15.
a4 Be6 16. Ba3 Qd7 17. Qd2 Rfc8 18. Ng3 Nd5 19. Bxd5 Bxd5 20. Kh1 e6 21. Rfc1
a5 22. Qd1 Rc4 23. Bb2 Qc6 24. Qe2 Rc8 25. Nf1 Rxa4 26. Rxa4 Qxa4 27. Ra1 Qc4
28. Qd2 b6 29. Ne3 Qb3 30. Kg1 Qb5 31. h3 h5 32. g3 Bb7 33. c4 Qc6 34. Kf2 Qf3+
35. Ke1 Qxg3+ 36. Kd1 Be4 37. Nf1 Qxh3 38. Qf2 Qb3+ 39. Ke1 Qxc4 40. Nd2 Qd5 41.
Qe3 Bf5 0-1

[Event "Mistrzostwa Polski Juniorow do lat 18 - Chlopcy"]
[Site "Szklarska Poreba"]
[Date "1899-12-30"]
[Round "6.8"]
[White "Lis, Mateusz"]
[Black "Polczyk, Mikolaj"]
[Result "1/2-1/2"]
[WhiteTitle "k"]
[BlackTitle "k"]
[WhiteElo "2036"]
[BlackElo "2132"]

1. e4 e6 2. d4 d5 3. Nd2 c5 4. exd5 Qxd5 5. Ngf3 cxd4 6. Bc4 Qd7 7. O-O Nc6 8.
Nb3 a6 9. Nbxd4 Nxd4 10. Nxd4 Nf6 11. c3 Qc7 12. Bd3 Bd6 13. h3 O-O 14. Bg5 Be5
15. Nf3 Bf4 16. Qe2 Bxg5 17. Nxg5 h6 18. Nf3 b6 19. Qe5 Qxe5 20. Nxe5 Rd8 21.
Rfd1 Bb7 22. Be2 Kf8 23. a4 Ke7 24. Nc4 Nd5 25. Bf3 Rab8 26. a5 b5 27. Ne5 f6
28. Nd3 Rdc8 29. Rd2 Kd6 30. Rad1 Ra8 31. Nf4 Rc5 32. Re1 Re8 33. Nd3 Rc7 34.
Nb4 Ree7 35. Red1 Rc5 1/2-1/2

[Event "Mistrzostwa Polski Juniorow do lat 18 - Chlopcy"]
[Site "Szklarska Poreba"]
[Date "1899-12-30"]
[Round "6.9"]
[White "Piekielny, Pawel"]
[Black "Kozak, Antoni"]
[Result "0-1"]
[WhiteTitle "k"]
[BlackTitle "m"]
[WhiteElo "2104"]
[BlackElo "2372"]

1. e4 c5 2. Nf3 d6 3. d4 cxd4 4. Nxd4 Nf6 5. Nc3 a6 6. Bg5 e6 7. f4 Qc7 8. Qf3
b5 9. O-O-O b4 10. Nce2 Nbd7 11. Bxf6 Nxf6 12. g4 Be7 13. Ng3 Bb7 14. Bd3 Qb6
15. Kb1 Nd7 16. Nde2 a5 17. g5 a4 18. f5 Qc5 19. fxe6 fxe6 20. Rhf1 Ne5 21. Qf4
Bc6 22. h4 b3 23. cxb3 axb3 24. axb3 Kd7 25. Nc1 Rhc8 26. Nge2 Nxd3 27. Nxd3 Bxe4
28. Nc3 Bg6 29. Kc1 Bxd3 30. Rxd3 Rf8 0-1

[Event "Mistrzostwa Polski Juniorow do lat 18 - Chlopcy"]
[Site "Szklarska Poreba"]
[Date "1899-12-30"]
[Round "6.10"]
[White "Kozlowski, Pawel"]
[Black "Dixa, Oskar"]
[Result "0-1"]
[WhiteTitle "I"]
[BlackTitle "k"]
[WhiteElo "1836"]
[BlackElo "2052"]

1. e4 c5 2. Nc3 Nc6 3. g3 e5 4. Bg2 g6 5. d3 Bg7 6. Be3 d6 7. Qd2 Be6 8. Nge2 Qd7
9. Nd5 Bxd5 10. exd5 Nd4 11. Bxd4 cxd4 12. O-O Ne7 13. c3 dxc3 14. bxc3 O-O 15.
Rac1 Rac8 16. d4 exd4 17. Nxd4 Nf5 18. Nxf5 Qxf5 19. c4 Rc5 20. Rfe1 Rfc8 21.
Re7 b5 22. Rce1 Be5 23. cxb5 Qf6 24. f4 Bc3 25. Re8+ Kg7 26. Qd3 Bxe1 27. Rxe1
Rc2 28. a4 Qb2 29. Qf3 Rd2 30. Bh3 Rcc2 31. f5 Rxh2 32. fxg6 hxg6 33. Bf1 Qd4+
34. Re3 Rh5 35. Qf4 Qxd5 36. Rf3 Rf5 37. Rd3 Qc5+ 38. Qd4+ Qxd4+ 39. Rxd4 Rc1
40. Rf4 Rxf4 41. gxf4 Ra1 0-1

[Event "Mistrzostwa Polski Juniorow do lat 18 - Chlopcy"]
[Site "Szklarska Poreba"]
[Date "1899-12-30"]
[Round "6.11"]
[White "Bojczewski, Mateusz"]
[Black "Grochol, Kamil"]
[Result "1/2-1/2"]
[WhiteTitle "I+"]
[BlackTitle "I+"]
[WhiteElo "1788"]
[BlackElo "2030"]

1. e4 c5 2. Nf3 Nc6 3. d4 cxd4 4. Nxd4 Nf6 5. Nc3 d6 6. f3 e5 7. Nb3 Be7 8. Be3
O-O 9. Be2 a5 10. Bb5 Be6 11. O-O Na7 12. Qe2 Nxb5 13. Qxb5 a4 14. Nd2 a3 15.
b3 Rc8 16. Nd5 Bxd5 17. exd5 Rc3 18. Nc4 Qd7 19. Qxd7 Nxd7 20. Bc1 Ra8 21. Nxa3
Nf6 22. Bb2 Rc5 23. c4 Rca5 24. Nb5 Rxa2 25. Ba3 Rxa1 26. Rxa1 Ne8 27. Kf2 f5
28. Ke3 Kf7 29. Kd3 Bf6 30. Re1 Ra6 1/2-1/2

[Event "Mistrzostwa Polski Juniorow do lat 18 - Chlopcy"]
[Site "Szklarska Poreba"]
[Date "1899-12-30"]
[Round "6.12"]
[White "Dzwierzynski, Bartosz"]
[Black "Iwanczuk, Krzysztof"]
[Result "1/2-1/2"]
[WhiteTitle "I"]
[BlackTitle "I"]
[WhiteElo "1944"]
[BlackElo "1887"]

1. d4 Nf6 2. c4 g6 3. Nc3 d5 4. Nf3 Bg7 5. Qb3 dxc4 6. Qxc4 Nc6 7. e4 Bg4 8. Be3
O-O 9. Be2 Bxf3 10. Bxf3 e5 11. d5 Nd4 12. Ne2 Re8 13. O-O-O c5 14. dxc6 Rc8 15.
Kb1 Rxc6 16. Qa4 Ra6 17. Qb4 Rb6 18. Qd2 Qe7 19. Nxd4 exd4 20. Bxd4 Nxe4 21. Qe3
Bxd4 22. Qxd4 Rb4 23. Qe3 Qe5 24. Qa3 Nc3+ 25. Ka1 Nxd1 26. Qxb4 Nxf2 27. Rf1
Nd3 28. Qd2 Nc5 29. h3 Re7 30. Rd1 a5 31. Qc2 a4 32. Rd5 Qe1+ 33. Rd1 Qb4 34.
Qc3 Qxc3 35. bxc3 a3 36. Kb1 Re3 37. Kc2 b6 38. Rb1 Re6 39. c4 Kg7 40. Kc3 Re3+
41. Kb4 Kf6 42. Kb5 Rc3 43. Kb4 Rd3 44. Rd1 Rxd1 45. Bxd1 Ke5 46. Kxa3 Na6 47.
Ka4 Nc7 48. Kb4 Kd4 49. a4 f5 50. Bc2 h5 51. Bd1 h4 52. Bf3 g5 53. Bb7 g4 54.
hxg4 fxg4 55. Bc8 h3 56. gxh3 g3 57. Bb7 Na6+ 58. Kb5 Nc5 59. Bg2 Nxa4 60. h4
Nb2 61. h5 Ke5 1/2-1/2

[Event "Mistrzostwa Polski Juniorow do lat 18 - Chlopcy"]
[Site "Szklarska Poreba"]
[Date "1899-12-30"]
[Round "6.13"]
[White "Chaczynski, Kamil"]
[Black "Golenia, Jan"]
[Result "0-1"]
[WhiteTitle "I+"]
[BlackTitle "I++"]
[WhiteElo "1894"]
[BlackElo "2119"]

1. e4 e5 2. Nf3 d6 3. d4 Nd7 4. Bc4 c6 5. a4 Be7 6. O-O Ngf6 7. Nc3 Qc7 8. Re1
h6 9. Nh4 g6 10. Bb3 Nf8 11. f4 exf4 12. Bxf4 Nh5 13. Bg3 Nxg3 14. hxg3 Ne6 15.
Nf5 gxf5 16. exf5 d5 17. Qd3 h5 18. fxe6 Bxe6 19. Ne2 O-O-O 20. c4 dxc4 21. Bxc4
Bxc4 22. Qxc4 Bd6 23. Rf1 Rh7 24. Rf3 h4 25. gxh4 Rxh4 26. Qxf7 Qxf7 27. Rxf7
Re8 28. Kf2 Rhe4 29. Re1 Bb4 30. Rh1 Rxe2+ 31. Kg3 Bd6+ 0-1

[Event "Mistrzostwa Polski Juniorow do lat 18 - Chlopcy"]
[Site "Szklarska Poreba"]
[Date "1899-12-30"]
[Round "6.14"]
[White "Musial, Tomasz"]
[Black "Golenia, Wojciech"]
[Result "0-1"]
[WhiteTitle "k"]
[BlackTitle "k"]
[WhiteElo "2051"]
[BlackElo "2050"]

1. d4 d6 2. c4 Nd7 3. Nf3 Ngf6 4. g3 e5 5. Bg2 c6 6. Nc3 Be7 7. O-O O-O 8. Qc2
a6 9. Rd1 Qc7 10. a4 a5 11. b3 Re8 12. Ba3 Bf8 13. e3 g6 14. Rac1 exd4 15. exd4
Nb8 16. d5 Na6 17. dxc6 bxc6 18. Qd2 Nc5 19. Qf4 Nh5 20. Qd2 Nxb3 21. Qa2 Nxc1
22. Rxc1 Bb7 23. Nd2 Rad8 24. Nce4 Bg7 25. Bb2 Bxb2 26. Qxb2 f5 27. Ng5 h6 28.
Ngf3 Ng7 29. Nd4 Kh7 30. h4 Rb8 31. Qc2 Qd7 32. N2b3 c5 33. Nb5 Bxg2 34. Kxg2
f4 35. Rd1 Qg4 36. Rxd6 f3+ 37. Kh2 Re1 38. Rd1 Rbe8 39. Nc1 Nh5 40. Nd3 R1e2
0-1

[Event "Mistrzostwa Polski Juniorow do lat 18 - Chlopcy"]
[Site "Szklarska Poreba"]
[Date "1899-12-30"]
[Round "6.15"]
[White "Majocha, Piotr"]
[Black "Bujalski, Mateusz"]
[Result "1/2-1/2"]
[WhiteTitle "I++"]
[BlackTitle "I"]
[WhiteElo "1890"]
[BlackElo "1920"]

1. Nf3 d5 2. g3 Nf6 3. Bg2 Nbd7 4. d4 e6 5. O-O Bd6 6. c4 c6 7. Nfd2 O-O 8. Nc3
Be7 9. e4 dxe4 10. Ndxe4 Nxe4 11. Nxe4 Nf6 12. Bf4 Nxe4 13. Bxe4 Bf6 14. Be5 Qe7
15. Qc2 g6 16. c5 Rd8 17. Rad1 Bg7 18. b4 f6 19. Bd6 Qf7 20. f4 Bf8 21. Bxf8 Kxf8
22. Qb2 Bd7 23. a4 a6 24. Bd3 h5 25. Bc4 f5 26. Rfe1 h4 27. Re5 Qf6 28. Rde1 Kf7
29. Qb3 hxg3 30. hxg3 Re8 31. d5 exd5 32. Bxd5+ Kg7 33. Qc3 Be6 34. Bxe6 Rxe6
35. Qd2 Rd8 36. Qxd8 Qxd8 37. Rxe6 Qd4+ 38. Kg2 Qxb4 39. Re7+ Kf8 40. Re8+ Kf7
41. R8e7+ Kf8 42. Re8+ 1/2-1/2

[Event "Mistrzostwa Polski Juniorow do lat 18 - Chlopcy"]
[Site "Szklarska Poreba"]
[Date "1899-12-30"]
[Round "6.16"]
[White "Kucharski, Bartlomiej"]
[Black "Maciejewski, Kamil"]
[Result "1-0"]
[WhiteTitle "I++"]
[BlackTitle "I++"]
[WhiteElo "2050"]
[BlackElo "1791"]

1. c4 e5 2. g3 Nc6 3. Bg2 d6 4. Nc3 Be6 5. d3 Qd7 6. e4 g6 7. Nge2 Bh3 8. Bxh3
Qxh3 9. Nd5 Qd7 10. Bg5 Bg7 11. O-O h6 12. Be3 Nd4 13. Bxd4 exd4 14. f4 c6 15.
Nb4 Ne7 16. Kg2 O-O 17. Ng1 f5 18. Nf3 c5 19. Nd5 fxe4 20. dxe4 Nxd5 21. cxd5
Qb5 22. b3 Rae8 23. Re1 Kh7 24. Rc1 Re7 25. a4 Qa6 26. e5 Rfe8 27. e6 b6 28. Qc2
d3 29. Qc4 Qxc4 30. bxc4 Rf8 31. Red1 Bf6 32. h4 Kg7 33. Rxd3 Rb8 34. Nd2 Reb7
35. Ne4 Be7 36. Rb1 Kf8 37. Kh3 Kg7 38. g4 Rf8 39. Rf3 Rbb8 40. f5 g5 41. hxg5
hxg5 42. Kg2 Rbd8 43. a5 Rb8 44. axb6 axb6 45. Rfb3 Bd8 46. Ra1 Rh8 47. Ra7+ Kg8
48. f6 Rh4 49. Rg7+ Kh8 50. Rxg5 Ra8 51. e7 Bc7 52. f7 1-0

[Event "Mistrzostwa Polski Juniorow do lat 18 - Chlopcy"]
[Site "Szklarska Poreba"]
[Date "1899-12-30"]
[Round "6.17"]
[White "Derylo, Kamil"]
[Black "Distel, Pawel"]
[Result "1-0"]
[WhiteTitle "I++"]
[BlackTitle "I"]
[WhiteElo "2083"]
[BlackElo "1950"]

1. Nf3 f5 2. d3 Nf6 3. Nbd2 d6 4. e4 e5 5. g3 Be7 6. Bg2 O-O 7. c3 Nc6 8. Qb3+
Kh8 9. exf5 d5 10. O-O Bxf5 11. Re1 Bxd3 12. Nxe5 Nxe5 13. Rxe5 c6 14. h3 Bc5
15. Kh2 Bxf2 16. Nf3 Ne4 17. Bf4 Qf6 18. Qxb7 Bxg3+ 19. Bxg3 Nxg3 20. Qe7 Qf4
21. Qg5 Nf1+ 22. Kg1 Ng3 23. Rae1 h6 24. Qxf4 Rxf4 25. Nd4 Raf8 26. R5e3 1-0

[Event "Mistrzostwa Polski Juniorow do lat 18 - Chlopcy"]
[Site "Szklarska Poreba"]
[Date "1899-12-30"]
[Round "6.18"]
[White "Posluszny, Tomasz"]
[Black "Pytel, Maciej"]
[Result "1/2-1/2"]
[WhiteTitle "I++"]
[BlackTitle "k"]
[WhiteElo "2023"]
[BlackElo "1919"]

1. d4 Nf6 2. c4 e6 3. Nf3 Bb4+ 4. Nbd2 O-O 5. e3 b6 6. Bd3 d5 7. O-O Nbd7 8. Qc2
Bb7 9. a3 Bxd2 10. Bxd2 Ne4 11. Be1 f5 12. Nd2 c5 13. f3 Nxd2 14. Bxd2 Rc8 15.
Qb3 Ba8 16. Rac1 f4 17. cxd5 exd5 18. Qc2 h6 19. exf4 Qf6 20. Be3 Bb7 21. Qf2
cxd4 22. Bxd4 Qxf4 23. Qe3 Qxe3+ 24. Bxe3 Nc5 25. Bc2 Kf7 26. Kf2 Ne6 27. Bb3
Nc5 28. Bc2 Ne6 29. Bb3 Nc5 30. Bc2 Rfd8 31. Bf5 d4 32. Bf4 Rc6 33. b4 Ne6 1/2-1/2

[Event "Mistrzostwa Polski Juniorow do lat 18 - Chlopcy"]
[Site "Szklarska Poreba"]
[Date "1899-12-30"]
[Round "6.19"]
[White "Ossolinski, Ziemowit"]
[Black "Rogala, Milosz"]
[Result "1-0"]
[WhiteTitle "I+"]
[BlackTitle "I"]
[WhiteElo "1880"]
[BlackElo "1843"]

1. e4 c6 2. d4 d5 3. e5 Bf5 4. h4 h5 5. Bd3 Bxd3 6. Qxd3 e6 7. Bg5 Qb6 8. Nd2 Ne7
9. Ngf3 Nd7 10. O-O Nf5 11. c4 Be7 12. c5 Qc7 13. g3 Rg8 14. Rfe1 Nf8 15. Bxe7
Kxe7 16. Nf1 Ng6 17. Ng5 Ke8 18. Ne3 Nge7 19. Ng2 Rh8 20. Nf4 g6 21. a4 Qd7 22.
b4 Kf8 23. Reb1 Kg7 24. Rb2 Rhb8 25. Rab1 Qc8 26. Kg2 b5 27. a5 Qd7 28. Rh1 Rh8
29. Rh3 Nh6 30. f3 Nef5 31. Rb1 a6 32. Kf2 Ne7 33. Rg1 Nhf5 34. Rgh1 Nh6 35. Qd1
Rag8 36. g4 hxg4 37. fxg4 Kf8 38. h5 gxh5 39. Rxh5 Rg7 40. Ngxe6+ fxe6 41. Rxh6
Rxh6 42. Rxh6 Rf7 43. Kg3 Kg7 44. Nxe6+ Kg8 45. Qh1 1-0

[Event "Mistrzostwa Polski Juniorow do lat 18 - Chlopcy"]
[Site "Szklarska Poreba"]
[Date "1899-12-30"]
[Round "6.20"]
[White "Zerebiec, Maurycy"]
[Black "Kulesza, Andrzej"]
[Result "0-1"]
[WhiteTitle "I+"]
[BlackTitle "I+"]
[WhiteElo "1982"]
[BlackElo "1928"]

1. c4 Nf6 2. Nc3 d5 3. cxd5 Nxd5 4. Nf3 g6 5. Qb3 Nb6 6. d4 Bg7 7. Bf4 O-O 8. e3
Be6 9. Qc2 Nc6 10. a3 Bf5 11. e4 Bg4 12. d5 e5 13. dxc6 exf4 14. cxb7 Rb8 15.
Ba6 Qf6 16. Qe2 Nd7 17. Nd5 Qxb2 18. Qxb2 Bxb2 19. Rb1 Bxf3 20. Ne7+ Kg7 21. gxf3
Bc3+ 22. Ke2 Nc5 23. Rhc1 Bf6 24. Nc6 Nxa6 25. Nxb8 Nxb8 26. Rxc7 Be5 27. Rc8
f6 28. Kd3 Rf7 29. Rb5 Bc7 30. Rd5 Re7 31. Kc4 Kf7 32. Kb5 Be5 33. Rxb8 Bxb8 34.
Ka6 Re6+ 35. Ka5 Rb6 36. Rd7+ Ke6 37. Rxh7 Bd6 38. h4 Be7 39. Rg7 Rxb7 40. Rxg6
Rb3 41. a4 Rb6 0-1

[Event "Mistrzostwa Polski Juniorow do lat 18 - Chlopcy"]
[Site "Szklarska Poreba"]
[Date "1899-12-30"]
[Round "7.1"]
[White "Pacan-milej, Kosma"]
[Black "Szpar, Milosz"]
[Result "1/2-1/2"]
[WhiteTitle "FM"]
[BlackTitle "FM"]
[WhiteElo "2333"]
[BlackElo "2305"]

1. d4 Nf6 2. c4 c5 3. d5 e6 4. Nf3 exd5 5. cxd5 d6 6. e4 g6 7. Bd3 Bg7 8. O-O O-O
9. h3 c4 10. Bc2 b5 11. Re1 Re8 12. Nbd2 Bb7 13. Nf1 Nbd7 14. Ng3 Nc5 15. Bf4
b4 16. Qd2 Qb6 17. Bh6 Bh8 18. Rac1 Nfd7 19. Bb1 Ba6 20. Nf5 Nf6 21. Ng3 Nfd7
22. Nf5 Nf6 23. Ng3 Nfd7 1/2-1/2

[Event "Mistrzostwa Polski Juniorow do lat 18 - Chlopcy"]
[Site "Szklarska Poreba"]
[Date "1899-12-30"]
[Round "7.2"]
[White "Godzwon, Iwo"]
[Black "Fus, Jakub"]
[Result "1/2-1/2"]
[WhiteTitle "FM"]
[BlackTitle "FM"]
[WhiteElo "2352"]
[BlackElo "2357"]

1. e4 e6 2. d4 d5 3. Nd2 c5 4. Ngf3 cxd4 5. exd5 Qxd5 6. Bc4 Qd7 7. O-O Nc6 8.
Nb3 Nf6 9. Nbxd4 Nxd4 10. Nxd4 a6 11. c3 b5 12. Bb3 Bb7 13. Qe2 Bc5 14. Rd1 O-O
15. Bf4 Qe7 16. Be5 g6 17. Bc2 Nd7 18. Bg3 e5 19. Nb3 Bb6 20. Be4 Ra7 21. Bxb7
Rxb7 22. Kh1 Re8 23. f3 Qe6 24. Bf2 Rc7 25. Rd2 Nc5 26. Rad1 Rc6 27. Nxc5 Bxc5
28. Bxc5 Rxc5 29. h3 e4 30. Qxe4 Qxe4 31. fxe4 Rxe4 32. Kg1 1/2-1/2

[Event "Mistrzostwa Polski Juniorow do lat 18 - Chlopcy"]
[Site "Szklarska Poreba"]
[Date "1899-12-30"]
[Round "7.3"]
[White "Nowak, Mikolaj"]
[Black "Kosakowski, Jakub"]
[Result "0-1"]
[WhiteTitle "k"]
[BlackTitle "FM"]
[WhiteElo "2296"]
[BlackElo "2413"]

1. d4 Nf6 2. c4 d6 3. Nc3 Nbd7 4. Nf3 e5 5. g3 c6 6. Bg2 Be7 7. O-O O-O 8. Qc2
Re8 9. Rd1 Bf8 10. e4 a6 11. a3 b5 12. dxe5 dxe5 13. Be3 bxc4 14. Na4 Qc7 15.
h3 c3 16. Nxc3 Nc5 17. b4 Ne6 18. Na4 Rb8 19. Qc3 Nd7 20. Rac1 Bb7 21. Nd2 a5
22. bxa5 Nd4 23. Bf1 c5 24. Bxd4 exd4 25. Qxd4 Bc6 26. Nxc5 Nxc5 27. Rxc5 Rbd8
28. Rd5 Bxd5 29. exd5 Bc5 30. Qd3 Qxa5 31. Nc4 Qa7 32. Qf3 g6 33. h4 Bd4 34. d6
Re6 35. Qf4 Bc5 36. Rd5 Kg7 37. h5 h6 38. hxg6 fxg6 39. Re5 Bxd6 40. Nxd6 Rexd6
41. Qe3 R8d7 42. a4 Qxe3 43. Rxe3 Rd2 44. a5 Ra2 45. a6 Rdd2 46. Rd3 Rxf2 47.
Rd7+ Kf6 48. a7 Rf3 49. Rd6+ Kg5 50. Rd5+ Rf5 51. Rd7 Rfa5 52. Bc4 R2a4 53. Kg2
Rxa7 54. Rd5+ Kf6 55. Bd3 Kg7 56. Rd6 Rg4 57. Kh3 Rg5 58. Kg2 h5 59. Kh2 Re7 60.
Bc4 Re3 0-1

[Event "Mistrzostwa Polski Juniorow do lat 18 - Chlopcy"]
[Site "Szklarska Poreba"]
[Date "1899-12-30"]
[Round "7.4"]
[White "Teclaf, Pawel"]
[Black "Psyk, Radoslaw"]
[Result "1-0"]
[WhiteTitle "IM"]
[BlackTitle "k++"]
[WhiteElo "2453"]
[BlackElo "2343"]

1. e4 e5 2. Nf3 Nf6 3. Nxe5 d6 4. Nf3 Nxe4 5. d4 d5 6. Bd3 Bf5 7. O-O Be7 8. Re1
O-O 9. c4 Nc6 10. cxd5 Qxd5 11. Qe2 Nf6 12. Nc3 Bxd3 13. Qxd3 Qd7 14. Bg5 h6 15.
Bh4 Nb4 16. Qc4 Nbd5 17. Ne5 Qd8 18. Qb3 Rb8 19. Rad1 c6 20. Bxf6 Bxf6 21. Nxd5
cxd5 22. Ng4 Bg5 23. g3 Qd7 24. Qf3 Rbc8 25. Re5 Rc2 26. Rxd5 Qe6 27. Rb5 Qxa2
28. Qxb7 Bd8 29. Ne3 Re2 30. Rb3 Bb6 31. Rbd3 Rxb2 32. Qf3 Rd8 33. Nf5 Qe6 34.
Qg4 Qf6 35. Rf3 Qg5 36. Qe4 Rf8 37. Ne7+ Kh8 38. Ng6+ Qxg6 39. Qxg6 fxg6 40. Rxf8+
Kh7 41. d5 Bc5 42. d6 Rb7 43. Rc8 1-0

[Event "Mistrzostwa Polski Juniorow do lat 18 - Chlopcy"]
[Site "Szklarska Poreba"]
[Date "1899-12-30"]
[Round "7.5"]
[White "Galuszka, Tomasz"]
[Black "Mis, Mieszko"]
[Result "1-0"]
[WhiteTitle "k+"]
[BlackTitle "FM"]
[WhiteElo "2221"]
[BlackElo "2356"]

1. e4 c5 2. Nf3 d6 3. d4 cxd4 4. Nxd4 Nf6 5. Nc3 a6 6. h3 g6 7. Bc4 Bg7 8. Bb3
O-O 9. O-O Nc6 10. Be3 Bd7 11. Re1 b5 12. Nd5 Ne5 13. Bg5 Nxd5 14. exd5 h6 15.
Bh4 Rc8 16. c3 Re8 17. Rc1 Qb6 18. Rc2 b4 19. f4 Nc4 20. Bf2 Qb7 21. Qf3 bxc3
22. bxc3 a5 23. Rce2 Bf6 24. Nc6 Bxc6 25. dxc6 Qb5 26. Bd4 Bxd4+ 27. cxd4 Rxc6
28. f5 Rc7 29. fxg6 fxg6 30. Qd3 Kf7 31. Rf1+ Kg7 32. Re6 Qg5 33. Bxc4 Rec8 34.
Qf3 Kh8 35. Qf7 d5 36. Bd3 Rc1 37. Rxe7 Rxf1+ 38. Bxf1 1-0

[Event "Mistrzostwa Polski Juniorow do lat 18 - Chlopcy"]
[Site "Szklarska Poreba"]
[Date "1899-12-30"]
[Round "7.6"]
[White "Kozak, Antoni"]
[Black "Polczyk, Mikolaj"]
[Result "1-0"]
[WhiteTitle "m"]
[BlackTitle "k"]
[WhiteElo "2372"]
[BlackElo "2132"]

1. c4 Nf6 2. Nc3 e6 3. Nf3 d5 4. d4 dxc4 5. e3 a6 6. Bxc4 b5 7. Be2 Bb7 8. O-O
Nbd7 9. a4 b4 10. Na2 c5 11. Bd2 a5 12. Nc1 Bd6 13. Nb3 O-O 14. Be1 Rc8 15. Nfd2
cxd4 16. Nxd4 Nc5 17. Nc4 Bb8 18. f3 Nd5 19. Bf2 Ba6 20. g3 e5 21. Nf5 e4 22.
f4 Nd3 23. Bxd3 exd3 24. Qg4 Qf6 25. Ne5 Bxe5 26. fxe5 Qxe5 27. e4 Rc4 28. Bd4
Rxd4 29. Nh6+ Kh8 30. Rxf7 Qf6 31. Rf1 Rxf7 32. Nxf7+ Kg8 33. Rxf6 Nxf6 34. Qe6
h6 35. Ne5+ Kh7 36. Nf3 d2 37. Nxd2 Rxd2 38. Qxa6 Nxe4 39. Qxa5 Ng5 40. Kf1 Rxb2
41. h4 Nf7 42. Qf5+ Kg8 43. Qc8+ Kh7 44. Qe6 Nh8 45. h5 b3 46. g4 Rb1+ 47. Kg2
Rb2+ 48. Kg3 1-0

[Event "Mistrzostwa Polski Juniorow do lat 18 - Chlopcy"]
[Site "Szklarska Poreba"]
[Date "1899-12-30"]
[Round "7.7"]
[White "Kokoszczynski, Jan"]
[Black "Lis, Mateusz"]
[Result "1-0"]
[WhiteTitle "FM"]
[BlackTitle "k"]
[WhiteElo "2314"]
[BlackElo "2036"]

1. e4 c5 2. Nf3 Nc6 3. Bb5 g6 4. Bxc6 bxc6 5. O-O Bg7 6. Re1 Nf6 7. c3 O-O 8. d4
cxd4 9. cxd4 d6 10. Nc3 Bg4 11. h3 Bxf3 12. Qxf3 Nd7 13. Rd1 Qc7 14. Be3 e5 15.
Rac1 exd4 16. Bxd4 Ne5 17. Qe2 c5 18. Nd5 Qb7 19. Bc3 Nc6 20. Bxg7 Kxg7 21. b4
Nd4 22. Rxd4 cxd4 23. Rc7 Qb8 24. Qc4 Qd8 25. Qxd4+ Kh6 26. Re7 Qc8 27. Qd2+ Kg7
28. Qd4+ Kh6 29. Qd2+ Kg7 30. Qf4 h5 31. Qf6+ Kg8 32. Nf4 Qc1+ 33. Kh2 h4 34.
Ne6 Qh6 35. Nxf8 Rxf8 36. Qxd6 a6 37. a4 Qg5 38. Qe5 Qd2 39. Qf6 Qxb4 40. e5 Qd4
41. a5 Qc3 42. Qxa6 f6 43. Qe6+ Kh8 44. Qd7 1-0